000 01742cam a22001814a 4500
005 20250605164125.0
008 250528s ||||||||||||||||||||||||d
035 _a18432
040 _aGR-AtMCL
_bgre
_dGR-AtMCL
_eAACR2
245 1 _aΑγορές Εργασίας / Οικονομικές Θεωρίες και Έρευνες
260 _bΠαπαζήση,
_c1989
300 _a392
520 _aΠρόλογος, Εισαγωγή: Η Εξέλιξη του Κοινωνικού Χαρακτήρα της Εργασίας, Η Διάρθρωση και η Λειτουργία της Αγοράς Εργασίας, Το Εργατικό Δυναμικό, Η Προσφορά Εργασίας, Η Επένδυση στο Ανθρώπινο Κεφάλαιο ως Προσδιοριστικός Παράγοντας του Ατομικού Εισοδήματος και των Εισοδηματικών Διαφορών, Εξισωτικές Μισθολογικές Διαφορές και Επιλογή Επαγγέλματος, Διακρίσεις στην Αγορά Εργασίας και Μισθολογικές Διαφορές, Τα Εργατικά Συνδικάτα και οι Επιδράσεις τους στο Μισθό και στην Απασχόληση, Απασχόληση και Ανεργία, Πληθωρισμός και Ανεργία, Η Αμφισβήτηση της Ορθόδοξης Θεωρίας: Ενναλακτικά ''Παραδείγματα'' στην Οικονομική των Αγορών Εργασίας: Θεσμικές και Ριζοσπαστικές Προσεγγίσεις.
700 1 _aΠετρινιώτη Ξανθή
_94703
942 _cBK
999 _c3793
_d3793